Países pelas Duas Primeiras Letras #2 - Statistics

Estatísticas Gerais
  • Esse quiz foi jogado 87 vezes
  • A pontuação média é 20 de 24
Estatísticas das Respostas
Letters Country % Correto
AF Afeganistão / África do Sul
98%
FR França
98%
RU Ruanda / Rússia
98%
OM Omã
97%
AZ Azerbaijão
95%
IT Itália
95%
UC Ucrânia
95%
DI Dinamarca
90%
VE Venezuela
90%
ZA Zâmbia
89%
SI Singapura / Síria
87%
UG Uganda
87%
UZ Uzbequistão
87%
KO Kosovo
85%
SR Sri Lanka
80%
EG Egito
79%
IE Iêmen
77%
DJ Djibouti
75%
KI Kiribati
72%
NE Nepal
72%
GE Geórgia
69%
CU Cuba
67%
LA Laos
61%
KU Kuwait
59%
Nenhum quiz correspondente encontrado
Distribuição das Pontuações
Porcentagem de Pessoas com Cada Pontuação
Percentil de Números Respondidos
Sua Pontuação Histórica
Você não jogou esse quiz